[Event "Reykjavik Open"]
[Site "Reykjavik ISL"]
[Date "2010.02.26"]
[Round "3"]
[White "Gunnarsson,J"]
[Black "Player,E"]
[Result "1-0"]
[WhiteElo "2429"]
[BlackElo "2156"]

1.d4 d5 2.c4 dxc4 3.e4 e5 4.Nf3 exd4 5.Bxc4 Nc6 6.O-O Be6 7.Bb5 Bc5 8.b4 Bb6
9.a4 a5 10.bxa5 Ba7 11.Bb2 Qd6 12.Nbd2 Nh6 13.a6 O-O 14.axb7 Rab8 15.Bxc6 Qxc6
16.Bxd4 Qxb7 17.Bxa7 Qxa7 18.Qc2 c5 19.h3 f6 20.Rfc1 Rfc8 21.Nc4 Rb4 22.Nd6 Rc6
23.Nb5 Qa6 24.e5 Bb3 25.Qd2 Nf7 26.exf6 gxf6 27.Nc3 Bxa4 28.Qd7 Qa8 29.Nxa4 Rxa4
30.Rxa4 Qxa4 31.Nd4 Ra6 32.Qc8+ Kg7 33.Nf5+ Kg6 34.Ne7+ Kh5 35.Qg8 Qf4 36.Qxf7+  1-0

[Event "48th XtraCon TCh-DEN 2009-10"]
[Site "Denmark DEN"]
[Date "2010.03.01"]
[Round "4"]
[White "Christiansen,JJ"]
[Black "Jensen,Bjark"]
[Result "0-1"]
[WhiteElo "2197"]
[BlackElo "2253"]

1.d4 d5 2.c4 dxc4 3.e4 e5 4.Nf3 exd4 5.Qxd4 Qxd4 6.Nxd4 Nf6 7.f3 Bc5 8.Nb5 Na6
9.Bxc4 c6 10.N5c3 Nb4 11.Na3 b5 12.Bb3 a5 13.Ke2 a4 14.Bd1 Ba6 15.Be3 Be7
16.e5 Nd7 17.f4 f5 18.Rc1 Nf8 19.g4 fxg4 20.Ne4 Nxa2 21.Ra1 b4+ 22.Kf2 bxa3
23.Rxa2 axb2 24.Bxa4 Bb5 25.Bb3 Rxa2 26.Bxa2 Ng6 27.Nc5 Nxf4 28.Kg3 Ne2+
29.Kxg4 Nc3 30.Bb1 h5+ 31.Kh3 O-O 32.Bd4 Bf1+  0-1

[Event "81st ch-GER"]
[Site "Bad Liebenzell GER"]
[Date "2010.03.09"]
[Round "5"]
[White "Siebrecht,S"]
[Black "Lubbe,N"]
[Result "0-1"]
[WhiteElo "2457"]
[BlackElo "2353"]

1.d4 d5 2.c4 dxc4 3.e4 Nf6 4.Nc3 a6 5.e5 Nd5 6.Bxc4 e6 7.Nxd5 exd5 8.Bb3 c5
9.dxc5 Be6 10.Be3 Nc6 11.Nf3 Bxc5 12.Bxc5 Qa5+ 13.Qd2 Qxc5 14.Rc1 Qa5 15.Qxa5 Nxa5
16.Rc5 b6 17.Rc7 Kd8 18.Rc3 Ke7 19.Kd2 Nc4+ 20.Bxc4 dxc4 21.Nd4 Rhc8 22.f4 g6
23.Rg1 h5 24.Rf1 Rc5 25.Re3 Rd8 26.Kc3 Rdd5 27.h3 a5 28.a3 b5 29.Rg1 Rc8
30.Rd1 Rd7 31.Rd2 b4+ 32.Kc2 c3 33.bxc3 bxa3 34.Nxe6 Rxd2+ 35.Kxd2 Kxe6 36.Re4 Rb8
37.g4 hxg4 38.hxg4 Rb2+ 39.Ke3 Rb4 40.f5+ Ke7 41.cxb4 a2 42.e6 gxf5 43.gxf5 a1=Q
44.exf7+ Kxf7 45.bxa5 Kf6 46.Rf4 Qe1+ 47.Kd3 Ke5 48.Rc4 Qxa5 49.Re4+ Kxf5
50.Rd4 Qb5+ 51.Ke3 Qc5 52.Kd3 Ke5 53.Rc4 Qb5 54.Kc3 Kd5 55.Rb4 Qe2 56.Rd4+ Kc5
57.Rd3 Qe1+ 58.Kb3 Qb1+ 59.Kc3 Qc1+  0-1

[Event "81st ch-GER"]
[Site "Bad Liebenzell GER"]
[Date "2010.03.12"]
[Round "8"]
[White "Bindrich,F"]
[Black "Huschenbeth,N"]
[Result "0-1"]
[WhiteElo "2532"]
[BlackElo "2404"]

1.d4 d5 2.c4 dxc4 3.e4 Nc6 4.Nf3 Bg4 5.Be3 Bxf3 6.gxf3 e5 7.d5 Nb8 8.Bxc4 Bd6
9.Qb3 Nd7 10.Nc3 Ne7 11.Qxb7 Rb8 12.Qxa7 O-O 13.Bb3 f5 14.Qa6 f4 15.Bc1 Nc5
16.Qf1 Nxb3 17.axb3 Ng6 18.Qh3 Nh4 19.Ra5 g5 20.Ke2 Kh8 21.Rg1 h6 22.Rb5 Qe8
23.Rxb8 Qxb8 24.Qe6 Kg7 25.Qd7+ Rf7 26.Qg4 Kh7 27.Kd3 Qb6 28.Ke2 Qxb3 29.Rd1 Qc4+
30.Rd3 Kg7 31.h3 Bc5 32.Bd2 Re7 33.Nd1 Qa6 34.Bc3 Kg6 35.Kd2 h5 36.Qg1 Be3+
37.Kc2 Nxf3 38.Qf1 Bc5 39.Qe2 g4 40.hxg4 hxg4 41.Kb1 Rh7 42.Qc2 Bd6 43.b3 Rh1
44.Kb2 Qa3+ 45.Kb1 Qa6 46.Kb2 Rh3 47.Qe2 Kg5 48.Kc2 Rh1 49.Nb2 Ba3 50.Re3 Qxe2+
51.Rxe2 Bxb2 52.Bxb2 g3 53.fxg3 fxg3 54.Kd3 Ne1+ 55.Kc3 g2 56.Bc1+ Kg4 57.Be3 Rh3
58.Kd2 Rxe3  0-1

[Event "Six Seasons GM"]
[Site "Dhaka BAN"]
[Date "2010.03.17"]
[Round "2"]
[White "Praveen Kumar,C1"]
[Black "Abu Sufian,S"]
[Result "1-0"]
[WhiteElo "2405"]
[BlackElo "2320"]

1.d4 d5 2.c4 dxc4 3.e4 e5 4.Nf3 exd4 5.Bxc4 Nc6 6.O-O Be6 7.Bxe6 fxe6 8.Qb3 Qd7
9.Qxb7 Rb8 10.Qa6 Nf6 11.Nbd2 Bd6 12.Re1 Ng4 13.e5 Ngxe5 14.Nxe5 Bxe5 15.Nf3 Bf6
16.Bg5 O-O 17.Bxf6 gxf6 18.Rac1 Rb6 19.Qc4 Re8 20.Re4 d3 21.Re3 d2 22.Rd1 Rxb2
23.Rd3 Na5 24.Qg4+ Qg7 25.Qa4 Qg6 26.Ne5 fxe5 27.Rg3 Rd8 28.Rxg6+ hxg6 29.g3 Nb7
30.Qe4 Kf7 31.Qxe5 Rc2 32.Qe4 Rc1 33.Qf4+ Kg7 34.Rxc1  1-0

[Event "21st Pobeskydi Arcelor Mittal Cup"]
[Site "Frydek-Mistek CZE"]
[Date "2010.04.04"]
[Round "8"]
[White "Kudzma,L"]
[Black "Trombik,K"]
[Result "1-0"]
[WhiteElo "2236"]
[BlackElo "2101"]

1.d4 d5 2.c4 dxc4 3.e4 e5 4.Nf3 exd4 5.Bxc4 Nc6 6.O-O Bc5 7.Ng5 Nh6 8.Nxf7 Nxf7
9.Bxf7+ Kxf7 10.Qh5+ g6 11.Qxc5 Qe7 12.Qxe7+ Kxe7 13.Bg5+ Kf7 14.Rc1 Re8
15.Nd2 Be6 16.Rc2 Rac8 17.Rcc1 Kg8 18.a3 Bf7 19.Kf1 a6 20.f3 Kg7 21.Bf4 h6
22.h4 Re7 23.Rc5 Rd7 24.Ke2 d3+ 25.Ke3 Rcd8 26.Rac1  1-0

[Event "FSGM April"]
[Site "Budapest HUN"]
[Date "2010.04.11"]
[Round "9"]
[White "Rajlich,I"]
[Black "Gonda,L"]
[Result "0-1"]
[WhiteElo "2459"]
[BlackElo "2482"]

1.d4 d5 2.c4 dxc4 3.e4 Nf6 4.e5 Nd5 5.Bxc4 Nb6 6.Bd3 Nc6 7.Ne2 Bg4 8.f3 Be6
9.Nbc3 Bc4 10.Bb1 e6 11.Be3 Qd7 12.a3 O-O-O 13.Ba2 f6 14.exf6 gxf6 15.O-O Rg8
16.Qb1 Kb8 17.Rf2 Ne7 18.Qxh7 f5 19.Bh6 Qe8 20.Bxc4 Nxc4 21.Nf4 Bxh6 22.Qxh6 Rd6
23.Re1 e5 24.Qh4 Rxd4 25.Nce2 Ng6 26.Qh7 exf4 27.Qxg8 Qxg8 28.Nxd4 Nh4 29.Re7 c5
30.Nb5 Qd8 31.Re1 a6 32.Nc3 Ne3 33.g3 Qg8 34.Ne2 fxg3 35.hxg3 Nc2 36.Rd1 Nd4
37.Nxd4 Qxg3+ 38.Kf1 cxd4 39.Rxd4 Nxf3 40.Rd3 Qg1+ 41.Ke2 Qe1+ 42.Kxf3 Qe4+  0-1

[Event "TCh-CHN"]
[Site "Ningbo City CHN"]
[Date "2010.04.17"]
[Round "2"]
[White "Ding Liren"]
[Black "Wen Yang"]
[Result "1/2-1/2"]
[WhiteElo "2565"]
[BlackElo "2520"]

1.d4 d5 2.c4 dxc4 3.e4 Nf6 4.e5 Nd5 5.Bxc4 Nb6 6.Bd3 Nc6 7.Ne2 Bg4 8.f3 Be6
9.Nbc3 Qd7 10.Ne4 Bd5 11.Nc5 Qc8 12.Nf4 e6 13.Be3 Nb4 14.Be2 Bc6 15.Nh5 N4d5
16.Bf2 Qd8 17.Ne4 Bb4+ 18.Kf1 O-O 19.h4 Be7 20.Qd2 f5 21.exf6 Nxf6 22.Nexf6+ Bxf6
23.Nxf6+ Qxf6 24.Bg3 Rad8 25.Rd1 Qe7 26.h5 Rd5 27.Be5 Bb5 28.Rh3 c6 29.h6 g6
30.Re1 Nd7 31.Bg7 Re8 32.Bxb5 Rxb5 33.b3 Rf5 34.g4 Rf7 35.Kg2 Nf6 36.Rhh1 Qd8
37.Re5 Nd5 38.Kg3 a6 39.Rhe1 Qd6 40.Re4 Rxg7 41.hxg7 Nf6 42.Rf4 Nd7 43.Qe3 Nxe5  1/2-1/2

[Event "9th Open"]
[Site "Malakoff FRA"]
[Date "2010.04.18"]
[Round "3"]
[White "Toulzac,PY"]
[Black "Karpatchev,A"]
[Result "1-0"]
[WhiteElo "2231"]
[BlackElo "2483"]

1.d4 d5 2.c4 dxc4 3.e4 Nc6 4.Nf3 Bg4 5.Bxc4 e6 6.Be3 Nf6 7.Qa4 Bxf3 8.gxf3 a6
9.Qd1 Bb4+ 10.Nc3 O-O 11.a3 Ba5 12.O-O Bb6 13.Ne2 Ne7 14.Qb3 Ng6 15.Kh1 c6
16.Rad1 Bc7 17.Rg1 b5 18.Bd3 Rc8 19.Bb1 Bb8 20.Bg5 Qc7 21.Rg2 Nh5 22.e5 c5
23.f4 Qc6 24.Qh3 f6 25.Qxh5 fxg5 26.d5 exd5 27.Rxg5 d4+ 28.f3 d3 29.Rxd3 Rxf4
30.Nxf4 Nxf4 31.Rxg7+ Kxg7 32.Rd7+  1-0

[Event "TCh-ISR"]
[Site "Israel ISR"]
[Date "2010.04.23"]
[Round "7"]
[White "Postny,E"]
[Black "Zilberman,Y"]
[Result "1-0"]
[WhiteElo "2648"]
[BlackElo "2439"]

1.d4 d5 2.c4 dxc4 3.e4 Nf6 4.e5 Nd5 5.Bxc4 Nb6 6.Bb3 Nc6 7.Ne2 Bf5 8.Nbc3 e6
9.a3 Be7 10.O-O Qd7 11.Ba2 O-O 12.Be3 Rad8 13.b4 a6 14.Qc1 Bd3 15.Rd1 Bxe2
16.Nxe2 Nd5 17.Ng3 a5 18.b5 Na7 19.a4 c6 20.Nh5 Kh8 21.Bxd5 cxd5 22.Qd2 b6
23.Qe2 Rc8 24.Rd3 Rc4 25.Nxg7 Rg8 26.Nh5 Rg6 27.f4 Nc8 28.Qf3 f5 29.exf6 Bxf6
30.f5 exf5 31.Bf4 Kg8 32.Be5 Bg5 33.Re1 Rxa4 34.Rc3 Rc4 35.Rxc4 dxc4 36.d5 Nd6
37.Bxd6 Qxd6 38.Qxf5 Qf8 39.Qd7 Rd6 40.Qg4 Rg6 41.Qe4 c3 42.d6 Rxd6 43.Qc4+ Kh8
44.Qxc3+ Kg8 45.Qb3+ Kh8 46.Qb2+ Kg8 47.Qa2+ Kh8 48.Qa1+ Kg8 49.Re8 Rd1+
50.Qxd1 Qxe8 51.Qd5+ Kf8 52.Qf5+ Ke7 53.Qxg5+ Kd6 54.Kf2 a4 55.Nf4 Qe4 56.Nd3 Kc7
57.Qg7+ Kc8 58.Qc3+ Kd8 59.Qf6+ Kc7 60.Qc3+ Kd6 61.Nb2 Qf4+ 62.Ke2 Qe4+ 63.Kf2 Qf4+
64.Ke2 Qe4+ 65.Kd1 Qxg2 66.Nc4+ Ke7 67.Qe5+ Kf7 68.Nd6+ Kg6 69.Qg3+ Qxg3
70.hxg3 a3 71.Kc2 Kg5 72.Nc4 Kg4 73.Nxb6 a2 74.Kb2 Kxg3 75.Nc4 h5 76.b6  1-0

[Event "7th Balagne Open"]
[Site "Calvi FRA"]
[Date "2010.04.27"]
[Round "4"]
[White "Shishkin,Va UKR"]
[Black "Louis,T"]
[Result "1-0"]
[WhiteElo "2516"]
[BlackElo "2012"]

1.d4 d5 2.c4 dxc4 3.e4 Nf6 4.e5 Nd5 5.Bxc4 Nb6 6.Bd3 Nc6 7.Ne2 Bg4 8.f3 Be6
9.Nbc3 Qd7 10.Ne4 Nb4 11.Nc5 Nxd3+ 12.Qxd3 Bc4 13.Qe4 Qc6 14.Qxc6+ bxc6 15.b3 Bd5
16.Bd2 e6 17.Rc1 a5 18.Nc3 Be7 19.Ke2 O-O 20.Nxd5 Nxd5 21.Nd3 Nb4 22.Rc4 Rfd8
23.Nxb4 axb4 24.Ra1 c5 25.dxc5 Rd5 26.Bxb4 Rxe5+ 27.Kf1 Rd5 28.a4 Rb8 29.Kf2 h6
30.a5 c6 31.a6 Rd3 32.Bc3 Ra8 33.Ke2 Rd7 34.Bd4 Rda7 35.Rca4 Rb8 36.R1a3 e5
37.Be3 Rb5 38.b4 Kf8 39.Kd3 Ke8 40.Kc4 Kd7 41.Ra5 Rxa5 42.Rxa5 Ra8 43.a7 Kc7
44.b5 cxb5+ 45.Kxb5 Kb7 46.c6+ Kc7 47.Ra2 f5 48.Rd2 Bf6 49.Rd7+ Kc8 50.Bb6  1-0

[Event "9th Asian Continental"]
[Site "Olongapo City PHI"]
[Date "2010.04.29"]
[Round "9"]
[White "Laylo,D"]
[Black "Wang Li"]
[Result "1/2-1/2"]
[WhiteElo "2527"]
[BlackElo "2383"]

1.d4 d5 2.c4 dxc4 3.e4 c5 4.d5 e6 5.Bxc4 Nf6 6.Nc3 exd5 7.exd5 Bd6 8.Qe2+ Qe7
9.Qxe7+ Kxe7 10.Nf3 Nbd7 11.O-O a6 12.Re1+ Kd8 13.a4 Re8 14.Rxe8+ Kxe8 15.Bg5 h6
16.Re1+ Kf8 17.Bh4 b6 18.Bg3 Bxg3 19.hxg3 Bb7 20.Kf1 Re8 21.Rd1 Rd8 22.b3 Re8
23.Kg1 Rd8 24.Kf1 Re8 25.Rd2 Rd8 26.Rd1 Re8 27.Kg1 Rd8 28.Kf1  1/2-1/2

[Event "ch-UKR"]
[Site "Alushta UKR"]
[Date "2010.05.06"]
[Round "4"]
[White "Iljin,T"]
[Black "Odnorozhenko,E"]
[Result "1/2-1/2"]
[WhiteElo "2422"]
[BlackElo "2309"]

1.d4 d5 2.c4 dxc4 3.e4 Nf6 4.e5 Nd5 5.Bxc4 Nb6 6.Bb3 Nc6 7.Ne2 Bf5 8.Nbc3 e6
9.a3 Qd7 10.Be3 O-O-O 11.O-O Be7 12.Qc1 Kb8 13.Rd1 Qc8 14.Ba2 h5 15.Ng3 Bg6
16.Nge4 h4 17.b4 h3 18.g3 Nd5 19.b5 Na5 20.Bd2 Nxc3 21.Nxc3 Bh5 22.Re1 Rxd4
23.Ne2  1/2-1/2

[Event "ch-Commonwealth"]
[Site "Delhi IND"]
[Date "2010.05.12"]
[Round "5"]
[White "Van Rensburg,R"]
[Black "Abu Sufian,S"]
[Result "0-1"]
[WhiteElo "2064"]
[BlackElo "2305"]

1.d4 d5 2.c4 dxc4 3.e4 e5 4.Nf3 Nc6 5.Bxc4 exd4 6.Qb3 Qd7 7.Bd2 Nh6 8.O-O f6
9.Bxh6 gxh6 10.Qb5 a6 11.Qh5+ Kd8 12.Rd1 Qg4 13.Qf7 Qg6 14.Nxd4 Nxd4 15.Rxd4+ Bd6
16.Qd5 Re8 17.f4 Bh3 18.Rd2 Kc8 19.f5 Qg5 20.Nc3 Kb8 21.b4 Qe3+ 22.Kh1 Qxc3
23.Rf1 Bg4 24.Rd3 Qe5 25.Qxe5 Rxe5  0-1

[Event "KNSB Cup"]
[Site "Amersfoort NED"]
[Date "2010.05.13"]
[Round "1.1"]
[White "Van Wely,L"]
[Black "De Jong,JW"]
[Result "1-0"]
[WhiteElo "2653"]
[BlackElo "2444"]

1.d4 d5 2.c4 dxc4 3.e4 e5 4.Nf3 exd4 5.Bxc4 Nc6 6.O-O Be6 7.Bxe6 fxe6 8.Qb3 Qd7
9.Qxb7 Rb8 10.Qa6 Nf6 11.Nbd2 Bd6 12.b3 O-O 13.Bb2 Bf4 14.Qd3 Kh8 15.Nc4 e5
16.Ba3 Rfe8 17.Ne1 Qg4 18.g3 Bh6 19.f3 Qg6 20.Qc2 Re6 21.Nd3 Nd7 22.Kg2 a5
23.Rae1 Rbe8 24.Re2 Bg5 25.Qd1 h6 26.Kh1 Qf7 27.Rc2 Be7 28.Qc1 Nb4 29.Bxb4 Bxb4
30.Ncb2 Bc3 31.Na4 Rf6 32.Kg2 Rf8 33.Qd1 Rc6 34.Nxc3 dxc3 35.Qc1 Rf6 36.Qe3 Rc6
37.Rfc1 a4 38.Rxc3 Rxc3 39.Rxc3 axb3 40.axb3 Rb8 41.Rxc7 Rxb3 42.Qd2 Qe8
43.Nc1  1-0

[Event "Chladek & Tintera Open"]
[Site "Hradec Kralove CZE"]
[Date "2010.05.19"]
[Round "5"]
[White "Chetverik,M"]
[Black "Snorek,M"]
[Result "1-0"]
[WhiteElo "2354"]
[BlackElo "2107"]

1.d4 d5 2.c4 dxc4 3.e4 Nf6 4.e5 Nd5 5.Bxc4 Nb6 6.Bb3 Nc6 7.Be3 Bf5 8.Nc3 e6
9.Nge2 Na5 10.O-O Nxb3 11.Qxb3 c6 12.Rad1 Be7 13.Ng3 g6 14.a4 Rb8 15.Nxf5 gxf5
16.d5 exd5 17.a5 Nc4 18.Bxa7 Nxa5 19.Qa2 Ra8 20.Nxd5 Rxa7 21.Nf6+ Bxf6 22.exf6 Qxf6
23.Rfe1+ Kf8 24.Qa3+ Kg7 25.Rd6 Qg5 26.Qc3+ f6 27.f4 Qh4 28.g3  1-0

[Event "ch-USA"]
[Site "Saint Louis USA"]
[Date "2010.05.19"]
[Round "6"]
[White "Shabalov,A"]
[Black "Kaidanov,G"]
[Result "1-0"]
[WhiteElo "2585"]
[BlackElo "2577"]

1.d4 d5 2.c4 dxc4 3.e4 Nf6 4.e5 Nd5 5.Bxc4 Nb6 6.Bb3 Nc6 7.Be3 Bf5 8.Nc3 e6
9.a3 Qd7 10.Nge2 O-O-O 11.O-O f6 12.exf6 gxf6 13.Ng3 Bg6 14.Qf3 Be7 15.Rad1 Na5
16.Ba2 Bc2 17.Rc1 Bb3 18.Bb1 f5 19.d5 Bxd5 20.Nxd5 Qxd5 21.Qe2 Nc6 22.b4 Kb8
23.Ba2 Qe5 24.f4 Qf6 25.Qf2 Rd3 26.b5 Nd4 27.Nh5 Qg6 28.Bxd4 Rd8 29.Be5 Bd6
30.Qh4 Rg8 31.Ng3 Rxa3 32.Rf2 Qf7 33.Qh5 Qd7 34.Qe2 Re8 35.Nh5 Qf7 36.Nf6 Rd8
37.Rf3 Bxe5 38.fxe5 Qe7 39.h3 Na4 40.Rc2 Rxf3 41.Qxf3 Nc5 42.Bc4 Rd4 43.Bf1 b6
44.Be2 Qd8 45.Qc6 Rb4 46.Kh2  1-0

[Event "Mitropa Cup"]
[Site "Chur SUI"]
[Date "2010.06.02"]
[Round "5"]
[White "Jurcik,Mari"]
[Black "Huschenbeth,N"]
[Result "0-1"]
[WhiteElo "2487"]
[BlackElo "2457"]

1.d4 d5 2.c4 dxc4 3.e4 Nc6 4.Nf3 Bg4 5.Bxc4 e6 6.d5 Bxf3 7.Qxf3 Ne5 8.Bb5+ c6
9.Qc3 cxb5 10.Qxe5 Qf6 11.Qc7 Bb4+ 12.Bd2 Qxb2 13.O-O Nf6 14.Bc3 Bxc3 15.Nxc3 b4
16.dxe6 O-O 17.Nd5 fxe6 18.Nxf6+ Rxf6 19.Qxb7 Raf8 20.f3 Rg6 21.g3 Rh6 22.h4 a5
23.Qb6 Rhf6 24.f4 e5 25.Qxa5 Qd4+ 26.Kh2 exf4 27.Qd5+ Qxd5 28.exd5 fxg3+
29.Kg2 Rxf1 30.Rxf1 Rxf1 31.Kxf1 Kf7 32.Kg2 Kf6 33.Kxg3 Ke5 34.Kg4 Kxd5 35.Kf5 Kd4
36.Ke6 Kc3 37.h5 Kb2 38.Kf7 Kxa2 39.Kxg7 b3 40.h6 b2 41.Kxh7 b1=Q+ 42.Kg7 Qb7+
43.Kh8 Qc8+ 44.Kg7 Qd7+ 45.Kh8 Qd8+ 46.Kg7 Qg5+  0-1

[Event "3rd Mayor's Cup"]
[Site "Mumbai IND"]
[Date "2010.06.03"]
[Round "2"]
[White "Vidit,S"]
[Black "Gagare,Shar"]
[Result "1-0"]
[WhiteElo "2504"]
[BlackElo "2153"]

1.d4 d5 2.c4 dxc4 3.e4 Nf6 4.e5 Nd5 5.Bxc4 Nb6 6.Bd3 Nc6 7.Be3 Nb4 8.Be4 f5
9.exf6 exf6 10.Nc3 f5 11.Bb1 Be6 12.Nf3 N4d5 13.O-O Bd6 14.Re1 O-O 15.Ng5 Qd7
16.Nxe6 Qxe6 17.a4 Nxc3 18.bxc3 Qf6 19.a5 Nd7 20.Qb3+ Kh8 21.Qxb7 Rab8 22.Qf3 g5
23.Bd2 g4 24.Qd3 Qh4 25.g3 Qh5 26.Bc2 f4 27.Bxf4 Rxf4 28.gxf4 Rf8 29.Qe4 Bxf4
30.Qxh7+ Qxh7 31.Bxh7 Bd2 32.Re7 Nf6 33.Rd1 Bxc3 34.Rxc7 Bxa5 35.Rxa7 Bc3
36.Bc2 Rd8 37.d5 Rxd5 38.Rxd5 Nxd5 39.Bd1 Nf6 40.Ra4 Kg7 41.Bxg4 Kg6 42.Kg2 Kg5
43.Be6 Be5 44.h4+ Kg6 45.Kf3 Bd6 46.Bg4  1-0

[Event "3rd Mayor's Cup"]
[Site "Mumbai IND"]
[Date "2010.06.06"]
[Round "6"]
[White "Greenfeld,A"]
[Black "Murali Krishnan,B"]
[Result "1-0"]
[WhiteElo "2561"]
[BlackElo "2412"]

1.d4 d5 2.c4 dxc4 3.e4 Nf6 4.e5 Nd5 5.Bxc4 Nb6 6.Bd3 Nc6 7.Be3 Be6 8.Nc3 Qd7
9.Nf3 O-O-O 10.O-O f6 11.Ne4 Kb8 12.a4 Nb4 13.Nc5 Qc8 14.Be4 Bd5 15.a5 Nd7
16.Bxd5 Nxd5 17.Ne6 Re8 18.Qb3 c6 19.Rfc1 a6 20.Rc2 g5 21.Rac1 Nxe5 22.dxe5 Qxe6
23.Rxc6 Qd7 24.e6 Qd8 25.Rd1 Qxa5 26.Rxd5 Qa1+ 27.Rc1  1-0

[Event "14th Master Open"]
[Site "Voronezh RUS"]
[Date "2010.06.14"]
[Round "3"]
[White "Zakhartsov,Vi"]
[Black "Sergienko,S"]
[Result "1-0"]
[WhiteElo "2586"]
[BlackElo "2415"]

1.d4 d5 2.c4 dxc4 3.e4 Nc6 4.Nf3 Bg4 5.d5 Ne5 6.Bf4 Ng6 7.Be3 e5 8.Bxc4 a6
9.Be2 Nf6 10.Nc3 Bd6 11.Nd2 Bc8 12.O-O O-O 13.Rc1 b5 14.g3 Bh3 15.Re1 Qd7
16.f3 Qe7 17.Nb3 Nd7 18.Bf1 Bxf1 19.Rxf1 h5 20.Qc2 Nb6 21.Na5 Qd7 22.Nd1 Ne7
23.Nb7 Rfc8 24.Qd3 Nc4 25.Bf2 h4 26.b3 hxg3 27.hxg3 Ba3 28.Rc2 Nd6 29.Bc5 Bxc5+
30.Nxc5 Qh3 31.Rg2 c6 32.Ne3 cxd5 33.Nxd5 Nxd5 34.Qxd5 Qh6 35.Nd7 Rd8 36.Nxe5 Qe3+
37.Kh1 Rac8 38.Ng4 Qc3 39.Rh2 Rc5 40.Qd2 Nb7 41.Qxc3 Rxc3 42.Re2 Nc5 43.Ne3 Rdd3
44.Rfe1 Ne6 45.Nd5 Rc5 46.Kg2 a5 47.Rf2 a4 48.bxa4 bxa4 49.Ree2 Nd4 50.Rb2 g6
51.Nf6+ Kg7 52.Nd7 Rg5 53.Nb6 a3 54.Rb4 Rb5 55.Rxb5 Nxb5 56.Nc4 Rc3 57.Ne5 f6
58.Nd7 Nd4 59.Nb6 g5 60.Nd5 Rd3 61.f4 gxf4 62.Nxf4 Re3 63.Nh5+ Kg6 64.Nxf6 Ne2
65.Nd5 Rxe4 66.Kf3 Re5 67.Rxe2 Rxd5 68.Re3 Ra5 69.Ke4 Kf6 70.Kd4 Kf5  1-0

[Event "14th FIDE Open"]
[Site "Voronezh RUS"]
[Date "2010.06.14"]
[Round "3"]
[White "Shcherbakov,Nikolay"]
[Black "Sychev,Vi"]
[Result "1/2-1/2"]
[WhiteElo "1762"]
[BlackElo "2032"]

1.d4 d5 2.c4 dxc4 3.e4 Nf6 4.Nc3 e5 5.Nge2 c6 6.Bg5 Be7 7.dxe5 Qxd1+ 8.Rxd1 Ng4
9.Bxe7 Kxe7 10.f4 Ne3 11.Rd2 Nd7 12.Kf2 Nxf1 13.Rxf1 Nc5 14.Nc1 b5 15.Ke3 Bb7
16.Rfd1 Rhd8 17.f5 Nd7 18.Kf4 f6 19.e6 Ne5 20.h3 a5 21.a3 Rxd2 22.Rxd2 b4
23.Na4 g5+ 24.Ke3 c3 25.Rd4 c5 26.Rd1 Nc4+ 27.Kf3 cxb2 28.Nxb2 Nd6 29.Ke3 Bxe4
30.g4 Bc6 31.axb4 axb4  1/2-1/2

[Event "4th Kings Tournament"]
[Site "Medias ROU"]
[Date "2010.06.15"]
[Round "2"]
[White "Gelfand,B"]
[Black "Nisipeanu,LD"]
[Result "1/2-1/2"]
[WhiteElo "2741"]
[BlackElo "2672"]

1.d4 d5 2.c4 dxc4 3.e4 e5 4.Nf3 exd4 5.Bxc4 Nc6 6.O-O Be6 7.Bb5 Bc5 8.Nbd2 Ne7
9.Ng5 Qd7 10.Ndf3 f6 11.Nxe6 Qxe6 12.Nxd4 Bxd4 13.Qxd4 a6 14.Qc4 Qd6 15.Qa4 O-O-O
16.Bc4 Ne5 17.Bb3 b5 18.Qa5 Kb7 19.Qc3 c5 20.Be3 c4 21.Rfd1 Qc7 22.Rxd8 Rxd8
23.Bd1 N7c6 24.Be2 Qa5 25.Qxa5 Nxa5 26.f4 Nec6 27.Rd1 Rxd1+ 28.Bxd1 Nb4 29.e5 fxe5
30.fxe5 Nac6 31.e6 Kc7 32.Bf4+  1/2-1/2

[Event "Open"]
[Site "Eforie Nord ROU"]
[Date "2010.06.22"]
[Round "6"]
[White "Gajewski,G"]
[Black "Nabaty,T"]
[Result "1-0"]
[WhiteElo "2572"]
[BlackElo "2493"]

1.d4 d5 2.c4 dxc4 3.e4 e5 4.Nf3 exd4 5.Bxc4 Nc6 6.O-O Be6 7.Nbd2 Qf6 8.Bd3 Bc5
9.a3 Qe7 10.b4 Bb6 11.b5 Na5 12.Qa4 Nf6 13.Nxd4 O-O 14.N2f3 c5 15.Nxe6 Qxe6
16.e5 c4 17.Bc2 Ng4 18.Bxh7+ Kh8 19.Qc2 g6 20.h3 Nb3 21.hxg4 Nxa1 22.Qe4 Bd8
23.Ng5 Qe8 24.Qf4 Bxg5 25.Qh2 Qd8  1-0

[Event "IsBank TCh-TUR"]
[Site "Konya TUR"]
[Date "2010.06.30"]
[Round "2"]
[White "Atalik,S"]
[Black "Kozhuharov,S"]
[Result "1/2-1/2"]
[WhiteElo "2607"]
[BlackElo "2404"]

1.d4 d5 2.c4 dxc4 3.e4 Nc6 4.Nf3 Bg4 5.d5 Ne5 6.Bf4 Ng6 7.Bg3 Nf6 8.Nc3 e5
9.dxe6 Bxe6 10.Ng5 Qxd1+ 11.Rxd1 Bb4 12.f3 b5 13.Bxc7 a6 14.a3 Be7 15.Nxe6 fxe6
16.g3 Nd7 17.f4 Rc8 18.Ba5 Nc5 19.e5 Nf8 20.h4 Nfd7 21.Bb4 Nb6 22.Rh2 Kf7
23.Bxc5 Rxc5 24.Bg2 Na4 25.Nxa4 bxa4 26.Be4 c3 27.Rc2 Rhc8 28.Bxh7 cxb2 29.Rxb2 Rb5
30.Rc2 Rxc2 31.Bxc2 Rb2 32.Bxa4 Bxa3 33.Rd7+ Kf8 34.Kf1 Bc5 35.Rc7 Bf2 36.Rc8+ Kf7
37.Kg2 Be1+ 38.Kf3 Rf2+ 39.Kg4 Rb2 40.Kf3  1/2-1/2

[Event "IsBank TCh-TUR"]
[Site "Konya TUR"]
[Date "2010.07.02"]
[Round "6"]
[White "Atalik,S"]
[Black "Heberla,B"]
[Result "1-0"]
[WhiteElo "2607"]
[BlackElo "2532"]

1.d4 d5 2.c4 dxc4 3.e4 e5 4.Nf3 Bb4+ 5.Nc3 exd4 6.Qxd4 Qxd4 7.Nxd4 Nf6 8.f3 Be6
9.Nxe6 fxe6 10.Bxc4 Ke7 11.a3 Bxc3+ 12.bxc3 Nc6 13.Kd1 Na5 14.Ba2 c5 15.Kc2 h6
16.Be3 b6 17.Rad1 Rad8 18.Rxd8 Rxd8 19.g4 Nd7 20.g5 Ne5 21.gxh6 gxh6 22.Bxh6 Rg8
23.h4 Rg2+ 24.Kb1 Nxf3 25.h5 c4 26.a4 e5 27.Bc1 Rh2 28.Rxh2 Nxh2 29.Kb2 Nf1
30.h6 Kf6 31.Bg5+ Kf7 32.h7 Kg7 33.Bf6+ Kxh7 34.Bxe5 Nd2 35.Bb8 Nc6 36.Bf4 Nf3
37.Bxc4 Kg6 38.Bb5 Nce5 39.Kb3 Kf6 40.Bc4 Ng5 41.Bd5 Ne6 42.Bxe5+ Kxe5 43.Bxe6 Kxe6
44.Kc4 Ke5 45.Kd3  1-0

[Event "XXXIII Open"]
[Site "Barbera del Valles ESP"]
[Date "2010.07.04"]
[Round "1"]
[White "Bhat,V"]
[Black "Chueca Forcen,A"]
[Result "1-0"]
[WhiteElo "2536"]
[BlackElo "2280"]

1.d4 d5 2.c4 dxc4 3.e4 Nf6 4.e5 Nd5 5.Bxc4 Nb6 6.Bb3 Nc6 7.Ne2 Bg4 8.Nbc3 e6
9.O-O Be7 10.a3 Qd7 11.Be3 O-O 12.Qe1 Rfd8 13.Rd1 Bf8 14.f3 Bf5 15.Qf2 Rac8
16.Ng3 Bg6 17.f4 Ne7 18.d5 Nbxd5 19.Nxd5 Nxd5 20.f5 Bxf5 21.Nxf5 c5 22.Bxd5 exd5
23.Nd6 d4 24.Nxc8 dxe3 25.Qf3  1-0

[Event "IsBank TCh-TUR"]
[Site "Konya TUR"]
[Date "2010.07.05"]
[Round "9"]
[White "Atalik,E"]
[Black "Ozturk,Ku"]
[Result "1-0"]
[WhiteElo "2444"]
[BlackElo "2273"]

1.d4 d5 2.c4 dxc4 3.e4 e5 4.Nf3 exd4 5.Bxc4 Nc6 6.O-O Be6 7.Bb5 Bc5 8.b4 Bb6
9.a4 a5 10.bxa5 Rxa5 11.Bb2 Ne7 12.Nbd2 O-O 13.Ng5 Bd7 14.Nc4 Ra8 15.Nxb6 cxb6
16.f4 h6 17.Nf3 Na5 18.Qxd4  1-0

[Event "Heart of Finland"]
[Site "Jyvaskyla FIN"]
[Date "2010.07.06"]
[Round "3"]
[White "Mertanen,J"]
[Black "Brandenburg,D"]
[Result "1/2-1/2"]
[WhiteElo "2282"]
[BlackElo "2514"]

1.d4 d5 2.c4 dxc4 3.e4 e5 4.Nf3 exd4 5.Bxc4 Nc6 6.Qb3 Bb4+ 7.Nbd2 Nh6 8.Bb5 Qd6
9.a3 Bxd2+ 10.Bxd2 O-O 11.O-O Ng4 12.Bxc6 Qxc6 13.Rac1 Qxe4 14.Rfe1 Qf5 15.h3 Nf6
16.Rxc7 Qd5 17.Qxd5 Nxd5 18.Rc5 Be6 19.Nxd4 Rfe8 20.Nxe6 fxe6 21.Kf1 Kf7
22.Re4 Rad8 23.Ke2 Rd7 24.a4 h6 25.Rc2 Red8 26.b3 Ne7 27.Rf4+ Kg8 28.Re4 Nc6
29.Bc3 Kf7 30.Rf4+ Kg8 31.Re4 Kf7 32.Rf4+ Kg8  1/2-1/2

[Event "Aegean Open"]
[Site "Agios Kirykos GRE"]
[Date "2010.07.13"]
[Round "1"]
[White "Moradiabadi,E"]
[Black "Rigopoulos Tsigkos,A"]
[Result "1-0"]
[WhiteElo "2571"]
[BlackElo "2020"]

1.d4 d5 2.c4 dxc4 3.e4 e5 4.Nf3 exd4 5.Bxc4 Nc6 6.O-O Be6 7.Bxe6 fxe6 8.Qb3 Qd7
9.Qxb7 Rb8 10.Qa6 Nf6 11.Nbd2 Bd6 12.b3 O-O 13.Bb2 e5 14.Rfc1 Ne7 15.Bxd4 Nxe4
16.Nxe4 exd4 17.Nxd6 cxd6 18.Nxd4 Kh8 19.Re1 Ng6 20.Rad1 Nf4 21.Qc6 Qg4 22.Qf3 Qg6
23.Ne2 Rb4 24.h3 Nxe2+ 25.Qxe2 Rbf4 26.Rf1 a5 27.Qd2 Qf7 28.Qxd6 h6 29.Rd2 a4
30.b4 Qc4 31.a3 R4f6 32.Qd3 Qc6 33.Rc2 Qb7 34.Rc5 Qf7 35.f3 Rg6 36.Qc2 Rg3
37.Rc8 Rxc8 38.Qxc8+ Kh7 39.Qc2+  1-0

[Event "ZDMI Open"]
[Site "Dresden GER"]
[Date "2010.07.13"]
[Round "4"]
[White "Broekman,W"]
[Black "Stark,S"]
[Result "1/2-1/2"]
[WhiteElo "2085"]
[BlackElo "1858"]

1.d4 d5 2.c4 dxc4 3.e4 e5 4.Nf3 exd4 5.Bxc4 Nc6 6.O-O Be6 7.Bb5 Bc5 8.b4 Bb6
9.a4 a5 10.bxa5 Rxa5 11.Bb2 Ne7 12.Bxd4 O-O 13.Bxb6 cxb6 14.Nc3 Qc7 15.Qd2 Rd8
16.Qe3 Nb4 17.Rac1 Qc5 18.Rfd1 Rc8 19.Nd5 Qxe3 20.Nxe7+ Kf8 21.fxe3 Kxe7
22.Rxc8 Bxc8 23.Rc1 Ra8 24.Nd4 Na6 25.Ne2 Nc5 26.Nf4  1/2-1/2

[Event "ZDMI Open"]
[Site "Dresden GER"]
[Date "2010.07.15"]
[Round "6"]
[White "Weigelt,T"]
[Black "Jeschke,Erik"]
[Result "1-0"]
[WhiteElo "1897"]
[BlackElo "1728"]

1.d4 d5 2.c4 dxc4 3.e4 e6 4.Bxc4 a6 5.Nf3 Bb4+ 6.Nc3 Nf6 7.O-O Bxc3 8.bxc3 Nxe4
9.Qd3 Nf6 10.Ba3 b6 11.Rfe1 c6 12.Ne5 Nd5 13.Qf3 Qf6 14.Qxf6 Nxf6 15.Re3 Bb7
16.Nxf7 Kxf7 17.Bxe6+ Ke8 18.Bc8+ Kd8 19.Bxb7 Ra7 20.Re7 Rg8 21.Rae1 Nfd7
22.Bxc6 Nxc6 23.R7e6 Kc7 24.Bd6+ Kb7 25.d5 Nd8 26.Re7 Kc8 27.c4 Rb7 28.a4 Nc5
29.a5 Nd3 30.R1e3 Rxe7 31.Rxe7 Nc6 32.Rc7+ Kd8 33.Rxc6 Re8 34.h3 bxa5 35.Bc7+ Kd7
36.Bxa5 Rc8 37.Rxc8 Kxc8 38.Kf1 Kd7 39.Ke2 Nb2 40.c5 Nc4 41.Bc3 Na3 42.Bxg7 Nb5
43.Kd3 Nc7 44.Kc4 Ne8 45.Be5 h5 46.c6+ Kc8 47.Kc5 h4 48.d6 Nxd6 49.Kxd6 a5
50.f4  1-0